| 000 | 00683nam a2200265Ia 4500 | ||
|---|---|---|---|
| 003 | OSt | ||
| 005 | 20220924115205.0 | ||
| 006 | a|||||r|||| 00| 0 | ||
| 007 | ta | ||
| 008 | 220923b |||||||| |||| 00| 0 urd d | ||
| 020 | _c1.25 | ||
| 024 | _a321352 | ||
| 037 | _cTextual | ||
| 040 |
_aARTS _cARTS _burd |
||
| 041 |
_2urd _aurd |
||
| 082 | _aQ7wD572, 168D9 | ||
| 100 |
_aAhmad Nazir Au. _9177154 |
||
| 245 | 0 | _aIjtehad | |
| 260 |
_aDelhi _bAfzalal-ul-matabe India _c1909 |
||
| 300 |
_a158p. _ccm. |
||
| 650 |
_a ISLAM _9577 |
||
| 650 |
_aBIOGRAPHY _92340 |
||
| 942 |
_hQ7wD572, 168D9 _cTEXL _2CC |
||
| 999 |
_c397173 _d397173 |
||